Leyes N§ 18.551 a la 18.575 aprobadas bajo la Constitución de 1980
שמור ב:
| פורמט: | ספר |
|---|---|
| שפה: | ספרדית |
| יצא לאור: |
Santiago
Jurídica de Chile
1987
|
| סדרה: | Textos Legales, 103
|
| נושאים: | |
| תגים: |
הוספת תג
אין תגיות, היה/י הראשונ/ה לתייג את הרשומה!
|
MARC
| LEADER | 00000nam a2200000 a 4500 | ||
|---|---|---|---|
| 001 | UCR0795 | ||
| 003 | CL-VaPUC | ||
| 008 | 971205e19870000CL |||||||||||||||||spa|d | ||
| 082 | 0 | 4 | |a 348.022 |b LEY |2 21 |
| 245 | 1 | 0 | |a Leyes N§ 18.551 a la 18.575 aprobadas bajo la Constitución de 1980 |
| 300 | |a 177 p | ||
| 942 | |c BK | ||
| 945 | |d 19971205 00:00:00 |a lriquelm | ||
| 260 | |a Santiago |b Jurídica de Chile |c 1987 | ||
| 650 | 7 | |a LEGISLACION |2 CL-VaPUC |9 397163 | |
| 650 | 0 | |a Leyes |9 256670 | |
| 650 | 7 | |a FUENTES |2 CL-VaPUC |9 255666 | |
| 650 | 7 | |a DERECHO CHILENO |2 CL-VaPUC |9 397164 | |
| 650 | 7 | |a DECRETO CON FUERZA DE LEY |2 CL-VaPUC |9 358086 | |
| 651 | 7 | |a CHILE |2 CL-VaPUC |9 397165 | |
| 583 | |a last modification |c 19971205 00:00:00 |k Rodrigo Vera | ||
| 490 | 0 | |a Textos Legales, 103 | |
| 999 | |c 264293 |d 264291 | ||